Регионална библиотека "Любен Каравелов" - Русе

Cookbook (Запис номер 44543)

MARC детайли
000 -Лидер
Контролно поле с фиксирана дължина 01326nam a2200397 c 4500
003 - Код на организацията, давaща контролен номер
Контролно поле BLK
005 - Дата и час на последна редакция
Контролно поле 20230117132051.0
008 - Елементи от данни с фиксирана дължина
fixed length control field 180408b bul|||||r ||||||| ||bul||
010 ## - Наследен системен номер
LC control number KNG00048317000
020 ## - Международен стандартен номер на книга ISBN
Международен стандартен номер на книга ISBN 0-937295-59-0
040 ## - Източник на каталожния запис
Идентификатор на билиотеката - собственик на записа BLK
041 ## - Код за език
Код за езика на текст/звукозапис или на отделно заглавие Английски
Код за езика КДБФ Английски
080 ## - УДК
Текстов определител УДК Домакинство. Комунално-битово обслужване
УДК код - определител по УДК 64
УДК - код + определител 64
100 1# - Редна дума - Автор
Автор Thieme, Jeanne
Авторска отговорност първи автор
R(LIN) 279477
139 ## - Редно поле
Редна дума Thieme, Jeanne
Авторски знак Thi - T 45
245 10 - Сведения за заглавието
Заглавие Cookbook
Подзаглавни данни A Peek at Dining in the Past with Meals You Can Cook Today
Редно поле (дума) Jeanne Thieme; ill. Luann Roberts.
257 ## - Страна на издаване
Страна на създаване/издаване Съединени американски щати
260 ## - Област на издателските данни
Име на издателя, разпространителя и проч. Pleasant Co
Година на издаване 1990
300 ## - Физическа характеристика
Страници 62 с.
Илюстрации и др. с ил.
Размери/Мащаб 21Х26 см
380 ## - Жанр
Жанр Детска отраслова лит.
490 ## - СЕРИИ (Колекции)
Име на серия The American Girls Collection
9 (RLIN) 201655
650 #4 - Допълнително описание по предмет – тема
Основно описание – тема или топоним Готварство - САЩ
9 (RLIN) 279479
653 ## - Ключова дума – ненормативна
Ключова дума готварство
653 ## - Ключова дума – ненормативна
Ключова дума готварски рецепти
653 ## - Ключова дума – ненормативна
Ключова дума домакинство
653 ## - Ключова дума – ненормативна
Ключова дума кулинария
653 ## - Ключова дума – ненормативна
Ключова дума сервиране
653 ## - Ключова дума – ненормативна
Ключова дума литература за деца
653 ## - Ключова дума – ненормативна
Ключова дума детска литература
700 1# - Други автори (авторска отговорност)
Лично име Roberts, Luann
Автороска отговорност (Описва отношението между автора и произведението) ill.
9 (RLIN) 279478
852 ## - Местоположение
Форматна сигнатура Цб 223063
856 4# - Електронен адрес и достъп
Електронен формат pdf - файл
Инструкция (цена за достъп) 0.00
Права за достъп disable
856 4# - Електронен адрес и достъп
Електронен формат pdf - файл
Инструкция (цена за достъп) 0.00
Права за достъп disable
999 ## - СИСТЕМНИ КОНТРОЛНИ НОМЕРА
Koha biblionumber 44543
Koha biblioitemnumber 44543
942 ## - АРТИКУЛИ
Вид на библиотечния материал Книги
Скрит в OPAC Не
Периодичен библиозапис Да
944 ## - СЪЗДАВАНЕ И РЕДАКЦИЯ на ЗАПИСА
Създаване/Редакция Създаване
Дата на регистрацията/редакция 01.03.2005
Служител, извършил регистрацията/редакцията Людмила_Стоянова
944 ## - СЪЗДАВАНЕ И РЕДАКЦИЯ на ЗАПИСА
Създаване/Редакция Редакция
Дата на регистрацията/редакция 01.04.2005
999 ## - СИСТЕМНИ КОНТРОЛНИ НОМЕРА
Koha biblioitemnumber 44543
Наличности
Код за отписване Код за изгубен артикул Източник на класификационната схема Код за повреда Коз за рестрикции Код за отдаване Артикулен № Име на библиотеката - собственик Име на библиотеката, в която се намира в момента Статус (Текущо местоположение) Дата на вписване в системата Местоположение - отдел Цена в лева Инвентарен номер Систематично азбучна сигнатура Баркод Номер на екземпляра Цена в евро Служебна бележка Служебен тип на артикула
  Не е изгубен Universal Decimal Classification Не е повреден без рестрикции заемане за дома 70303 Регионална библиотека "Любен Каравелов" Русе Регионална библиотека "Любен Каравелов" Русе Детски отдел 2005-03-30 Детски отдел 0.01 120000692746 ДН 64/T 45 120000692746 1 0.01 Дост: DA Вид: А N: 8 Дата: 30.03.2005 Дата инв: 25.08.2015 Бележки инв: Д2015 Книги
Vip Innovations Ltd, Rousse, Bulgaria 2025